000 00353nam a2200133Ia 4500
008 240624s9999 xx 000 0 und d
041 _aeng
082 _a381.106541 EVA
100 _aEVANS BARRY
245 _aLEAN SUPPLY CHAIN MANAGING THE CHALLENGE
260 _c2015
_aLondon
_bKogan Page
300 _axxvi, : 285 : p. : cm. ; 23
365 _cGBP
_b30
999 _c27403
_d27403